000
00316nam a2200133Ia 4500
005
20260328101520.0
008
260328s9999||||xx |||||||||||||| ||und||
100
_a
Sedov, Leonide
245
0
_a
L' Homme et la ville /
_c
Leonide Sedov
260
_b
-----
300
_a
267 p.
650
_a
DISEÑO URBANO
942
_c
BK
999
_c
9559
_d
9559